| 000 | 00550nam a2200241Ia 4500 | ||
|---|---|---|---|
| 008 | 210210b1846 xxu||||| |||| 00| 0 eng d | ||
| 041 | _aeng | ||
| 082 | _a270/11 | ||
| 100 | _aCADDELL (Cecilia Mary) | ||
| 245 | _aHistory of the missions in Japan and Paraguay | ||
| 260 |
_aNew York _bNot Mentioned _c1846 |
||
| 300 | _axvii,382 | ||
| 650 | _athe | ||
| 650 | _aParaguay | ||
| 650 | _aof | ||
| 650 | _amissions | ||
| 650 | _aJapan | ||
| 650 | _ain | ||
| 650 | _aHistory | ||
| 650 | _aand | ||
| 690 | _aChristianity | ||
| 906 | _a001437 | ||
| 999 |
_c116551 _d116551 |
||